| 000 | 00542nam a2200217Ia 4500 | ||
|---|---|---|---|
| 003 | OSt | ||
| 005 | 20140311163109.0 | ||
| 008 | 140130s9999 xx 000 0 und d | ||
| 020 | _a059046437 | ||
| 050 |
_aPZ 7 _b.B824 2003 |
||
| 100 |
_aBrownrigg, Sheri _930802 |
||
| 245 |
_cSheri Brownrigg. _aBest Friend Wear Pink Tutus / |
||
| 260 |
_bScholastic, _c1993. _aNew York : |
||
| 300 |
_bcol. ill. ; _c20 cm. |
||
| 440 |
_v1 _930803 |
||
| 521 | _aG3 | ||
| 526 | _c500 | ||
| 942 |
_cBK-SCHOLAS _2lcc |
||
| 999 |
_c40524 _d40524 |
||